000 00776nam a22002412 4500
001 0000020864
005 20151217145928.0
008 111025s xx 000 0 eng d
020 _a0072999497 :
040 _aKABU
_cKABU
100 1 _aKleyn, John.
_@0000181494
245 1 0 _aMicrobiology experiments :
_ba health science perspective /
_cJohn Kleyn, Mary Bicknell.
250 _a5th ed.
260 _aBoston :
_bMcGraw Hill,
_c2007.
300 _ax, 338 p.
650 0 _aMicrobiology
_xLaboratory manuals.
_@0000181495
650 0 _aMicrobiology
_xExperiments.
_@0000181496
650 0 _aMicroorganisms
_xHealth aspects.
_@0000181497
700 1 _aBicknell, Mary.
_@0000181498
908 _a111025
950 _@1
999 _c4199
_d4199